Một số vấn đề về nhận thức quy luật và mâu thuẫn

Sách phân tích một số vấn đề về nhận thức quy luật và mâu thuẫn từ lập trường của chủ nghĩa duy vật biện chứng.

Shranjeno v:
Bibliografske podrobnosti
Glavni avtor: Nguyễn, Ngọc Hà
Format: Knjiga
Jezik:Undetermined
Izdano: Hà Nội Khoa học xã hội 1998
Teme:
Oznake: Označite
Brez oznak, prvi označite!
Thư viện lưu trữ: Trung tâm Học liệu Trường Đại học Cần Thơ
LEADER 00821nam a2200193Ia 4500
001 CTU_224079
008 210402s9999 xx 000 0 und d
082 |a 335.4112 
082 |b H100 
100 |a Nguyễn, Ngọc Hà 
245 0 |a Một số vấn đề về nhận thức quy luật và mâu thuẫn 
245 0 |c Nguyễn Ngọc Hà 
260 |a Hà Nội 
260 |b Khoa học xã hội 
260 |c 1998 
520 |a Sách phân tích một số vấn đề về nhận thức quy luật và mâu thuẫn từ lập trường của chủ nghĩa duy vật biện chứng. 
650 |a Chủ nghĩa duy vật biện chứng,Dialectical materialism 
910 |b dqhieu 
980 |a Trung tâm Học liệu Trường Đại học Cần Thơ